Statistics for Landlocked Countries - Blind Typing

Click here to take the quiz!

General Stats

  • This quiz has been taken 109 times
  • The average score is 42 of 45

Answer Stats

Country% Correct
Tajikistan
99%
Luxembourg
98%
Liechtenstein
98%
Kyrgyzstan
98%
Kazakhstan
98%
Chad
98%
Czech Republic
98%
Paraguay
96%
Rwanda
96%
Bolivia
96%
Switzerland
96%
Hungary
95%
Niger
95%
Macedonia
95%
Slovakia
95%
Nepal
95%
Turkmenistan
95%
Austria
95%
Uzbekistan
95%
Mongolia
95%
Kosovo
94%
Laos
94%
Burkina Faso
94%
Serbia
94%
Belarus
94%
South Sudan
93%
Swaziland
93%
Lesotho
93%
Zimbabwe
91%
Mali
91%
Andorra
91%
Central African Republic
91%
Armenia
91%
Moldova
90%
Burundi
90%
Bhutan
90%
Azerbaijan
90%
Uganda
90%
Zambia
90%
Malawi
89%
Ethiopia
89%
Botswana
89%
Vatican City
89%
San Marino
88%
Afghanistan
88%

Score Distribution

Percentile by Number Answered

Percent of People with Each Score

Your Score History

You have not taken this quiz